书目信息 |
| 题名: |
科学基础方法论
|
|
| 作者: | 陈其荣 , 曹志平 著 | |
| 分册: | ||
| 出版信息: | 上海 复旦大学出版社 2004 |
|
| 页数: | 309页 | |
| 开本: | 20cm | |
| 丛书名: | ||
| 单 册: | ||
| 中图分类: | N03 | |
| 科图分类: | ||
| 主题词: | 科学方法论--对比研究 , 自然科学--科学方法论 | |
| 电子资源: | ||
| ISBN: | 7-309-04015-5 | |
| 000 | 01072nam0 2200289 450 | |
| 001 | 060000017483 | |
| 005 | 20051219101958.67 | |
| 010 | @a7-309-04015-5@dCNY21.00 | |
| 092 | @aCN | |
| 100 | @a20041228d2004 ekmy0chiy0120 ea | |
| 101 | 0 | @achi |
| 102 | @aCN@b310000 | |
| 105 | @ay z 000yy | |
| 200 | 1 | @a科学基础方法论@9ke xue ji chu fang fa lun@e自然科学与人文、社会科学方法论比较研究@f陈其荣,曹志平著@Fchen qi rong,cao zhi ping zhu |
| 210 | @a上海@c复旦大学出版社@d2004 | |
| 215 | @a309页@d20cm | |
| 300 | @a教育部人文社会科学研究项目 | |
| 330 | @a本书探讨了科学的基础方法论,将人类科学的基础方法论概括为“质的”科学划界标准方法论等;提出了广义科学划界的“质的标准”等内容。 | |
| 517 | 1 | @a自然科学与人文、社会科学方法论比较研究@9zi ran ke xue yu ren wen、 she hui ke xue fang fa lun bi jiao yan jiu |
| 606 | 0 | @a科学方法论@x对比研究 |
| 606 | 0 | @a自然科学@x科学方法论 |
| 690 | @aN03@v4 | |
| 701 | 0 | @a陈其荣@Achen qi rong@4著 |
| 701 | 0 | @a曹志平@Acao zhi ping@4著 |
| 801 | 0 | @aCN@bCXYBOOK@c20051219 |
| 905 | @a10447@dN03@e121 | |
| 999 | @aZXL@eDF | |
| 科学基础方法论:自然科学与人文、社会科学方法论比较研究/陈其荣,曹志平著.-上海:复旦大学出版社,2004 |
| 309页;20cm |
| 教育部人文社会科学研究项目 |
| ISBN 7-309-04015-5:CNY21.00 |
| 本书探讨了科学的基础方法论,将人类科学的基础方法论概括为“质的”科学划界标准方法论等;提出了广义科学划界的“质的标准”等内容。 |
| ● |
| 相关链接 |
|
|
|
|
正题名:科学基础方法论
索取号:N03/121
 
预约/预借
| 序号 | 登录号 | 条形码 | 馆藏地/架位号 | 状态 | 备注 |
| 1 | 0371637 | 203716372 | 第二样本阅览室/ [索取号:N03/121] | 在馆 | |
| 2 | 0371638 | 203716381 | 第三借阅区/ [索取号:N03/121] | 在馆 | |
| 3 | 0371639 | 203716390 | 第三借阅区/ [索取号:N03/121] | 在馆 | |
| 4 | 0371640 | 203716407 | 第三借阅区/ [索取号:N03/121] | 在馆 |